00405nam a2200157Ia 4500008004100000020001400041082001500055100002100070245002600091250000700117260003700124300002700161500001900188600002000207650002000227240925s9999 xx 000 0 und d a205169929 a305.42 WAR aWard ,Martha C. 2aA World Full of Women aNA aBoston:bAllyn and Baconc,1996. axx,620p.bNAfOriginal aIncludes Index aSocial Sciences aSocial Sciences